000 00517nam a2200181Ia 4500
008 090123s9999 xx 000 0 und d
082 _b786
100 _aकर्णिक मधु मंगेश
245 _aगुंजा
250 _a1
260 _bकोठवाले केशव
300 _a168
600 _aकर्णिक मधु मंगेश
630 _aगुंजा
700 _aकर्णिक मधु मंगेश
730 _aगुंजा
942 _cBOOK
999 _c38873
_d38873